书目信息 |
| 题名: |
如何选择广告代理商
|
|
| 作者: | 赵海风 , 安杰 编著 | |
| 分册: | ||
| 出版信息: | 北京 中国商业出版社 2007.08 |
|
| 页数: | 213页 | |
| 开本: | 24cm | |
| 丛书名: | ||
| 单 册: | ||
| 中图分类: | F713.82 | |
| 科图分类: | ||
| 主题词: | 广告--guang gao--代理商 | |
| 电子资源: | ||
| ISBN: | 978-7-5044-5981-7 | |
| 000 | 01000nam0 2200265 450 | |
| 001 | 012008876333 | |
| 005 | 20080419133853.62 | |
| 010 | @a978-7-5044-5981-7@dCNY25.80 | |
| 100 | @a20080419d2007 em y0chiy0120 ea | |
| 101 | 0 | @achi |
| 102 | @aCN@b110000 | |
| 105 | @aa z 000yy | |
| 106 | @ar | |
| 200 | 1 | @a如何选择广告代理商@Aru he xuan ze guang gao dai li shang@d= Choosing & working with your advertising agency@f赵海风, 安杰编著@Fzhao hai feng,an jie bian zhu@zeng |
| 210 | @a北京@c中国商业出版社@d2007.08 | |
| 215 | @a213页@c图@d24cm | |
| 300 | @a广告人必读经典 | |
| 330 | @a本书提供了客户选择广告代理商时最完整的思考方法,从选择初期须考虑之相关事宜,到决定候选名单、提案和酬劳支付的议定,本书均有详细说明。 | |
| 510 | 1 | @aChoosing & working with your advertising agency@zeng |
| 606 | 0 | @a广告@Aguang gao@x代理商 |
| 690 | @aF713.82@v4 | |
| 701 | 0 | @a赵海风@Azhao hai feng@4编著 |
| 701 | 0 | @a安杰@Aan jie@4编著 |
| 801 | 0 | @aCN@bQSSK@c20080419 |
| 905 | @b294118-20@dF713.82@eZ301@f3 | |
| 如何选择广告代理商= Choosing & working with your advertising agency/赵海风, 安杰编著.-北京:中国商业出版社,2007.08 |
| 213页:图;24cm |
| 广告人必读经典 |
| ISBN 978-7-5044-5981-7:CNY25.80 |
| 本书提供了客户选择广告代理商时最完整的思考方法,从选择初期须考虑之相关事宜,到决定候选名单、提案和酬劳支付的议定,本书均有详细说明。 |
| ● |
| 相关链接 |
|
|
|
正题名:如何选择广告代理商
索取号:F713.82/Z301
 
预约/预借
| 序号 | 登录号 | 条形码 | 馆藏地/架位号 | 状态 | 备注 |
| 1 | 294118 | 202941184 | 社科二线422/409社科库 44排7列4层/ [索取号:F713.82/Z301] | 在馆 | |
| 2 | 294119 | 202941193 | 社科二线422/409社科库 44排7列4层/ [索取号:F713.82/Z301] | 在馆 | |
| 3 | 294120 | 202941200 | 社科库409/409社科库 44排7列4层/ [索取号:F713.82/Z301] | 在馆 |